| 000 | 00749nam a2200265Ia 4500 | ||
|---|---|---|---|
| 008 | 160319s9999 xx 000 0 und d | ||
| 020 | _a9710866923 | ||
| 050 | _a310 | ||
| 050 | _bB328s 2004 | ||
| 100 | _aBatacan, Ma. Carmelita A. | ||
| 245 | _aStatistics for Filipino students / | ||
| 245 | _cMa. Carmelita A. Batacan. | ||
| 250 | _aSecond edition. | ||
| 260 | _aMandaluyong City : | ||
| 260 | _bNational Bookstore | ||
| 260 | _c2006 | ||
| 300 | _a ix, 168 pages : | ||
| 300 | _billustrations ; | ||
| 300 | _c26 cm. | ||
| 650 | _aStatistics -- | ||
| 650 | _xTextbooks. | ||
| 700 | _aAgcaoili, Zenaida A., author | ||
| 700 | _aSalamat, Lorina G., author | ||
| 700 | _aSta. Maria, Antonina C., Cabero, Jonathan B., authors | ||
| 999 |
_c292110 _d292110 |
||